[Event "4NCL Online Division 5"]
[Site "online"]
[Date "2020.04.21"]
[Round "3.234"]
[White "Shah, Ashok"]
[Black "Bentham, Sam"]
[Result "0-1"]
[WhiteElo "1187"]
[BlackElo "1625"]
[PlyCount "80"]
[EventDate "2020.04.21"]
[WhiteTeam "Hatch End B"]
[BlackTeam "Oxford 4"]

1. e4 e6 2. Nf3 d5 3. Nc3 Nf6 4. d3 c5 5. e5 Nfd7 6. d4 Nc6 7. Bb5 cxd4 8. Nxd4
Ndxe5 9. O-O a6 10. Ba4 Bc5 11. Bf4 O-O 12. Bxc6 Nxc6 13. Nxc6 bxc6 14. Qg4 e5
15. Bg5 Bxg4 16. Bxd8 Rfxd8 17. h3 Be6 18. Rae1 f6 19. Na4 Ba7 20. b3 Bd7 21.
Rc1 Bd4 22. c4 Rdc8 23. c5 Rd8 24. Nb6 Ra7 25. a4 Bf5 26. b4 Rc7 27. a5 Bb2 28.
Rcd1 Bc3 29. Nc4 Bxb4 30. Nd6 Be6 31. Ne4 Rcd7 32. Ng3 h6 33. Nh5 d4 34. Rb1
Bxc5 35. Rfc1 Rd5 36. Rb3 d3 37. Rc4 d2 38. Rb1 d1=Q+ 39. Rxd1 Rxd1+ 40. Kh2
Bxc4 0-1

[Event "4NCL Online Division 5"]
[Site "online"]
[Date "2020.04.21"]
[Round "3.241"]
[White "Brewis, Alan"]
[Black "Dobbie, Graham"]
[Result "0-1"]
[WhiteElo "1375"]
[BlackElo "1803"]
[PlyCount "74"]
[EventDate "2020.04.21"]
[WhiteTeam "Broken Herts 3"]
[BlackTeam "East Kilbride"]

1. d4 d5 2. Bf4 Nf6 3. e3 c5 4. c3 Qb6 5. Qb3 Qxb3 6. axb3 cxd4 7. exd4 Bf5 8.
Nf3 Nbd7 9. Nbd2 h6 10. Be2 g5 11. Bg3 Bg7 12. Ne5 O-O 13. O-O-O h5 14. Nxd7
Bxd7 15. Be5 Ng4 16. Bxg7 Kxg7 17. Rdf1 Rfc8 18. h4 gxh4 19. Rxh4 Rh8 20. Nf3
Rh6 21. Ne5 Nxe5 22. dxe5 Rah8 23. Bd3 f6 24. exf6+ Kxf6 25. Re1 e5 26. f3 Rg8
27. Rg1 Rg3 28. Kd2 Bf5 29. Be2 Kg5 30. Rhh1 h4 31. Ke3 Rb6 32. b4 a5 33. b3
axb4 34. cxb4 Rxb4 35. Bd1 d4+ 36. Kd2 Be6 37. Rh3 Bxh3 0-1

[Event "4NCL Online Division 5"]
[Site "online"]
[Date "2020.04.21"]
[Round "3.242"]
[White "Madhavan, Sanjith"]
[Black "Gilmour, Ian"]
[Result "1-0"]
[WhiteElo "1498"]
[BlackElo "1397"]
[PlyCount "89"]
[EventDate "2020.04.21"]
[WhiteTeam "East Kilbride"]
[BlackTeam "Broken Herts 3"]

1. e4 c5 2. Nf3 Nc6 3. d4 cxd4 4. Nxd4 Nf6 5. Nc3 e5 6. Ndb5 d6 7. Bg5 Be7 8.
Bxf6 Bxf6 9. Qxd6 Qxd6 10. Nxd6+ Ke7 11. Nxc8+ Raxc8 12. Nd5+ Kf8 13. Nxf6 gxf6
14. c3 Rd8 15. Bb5 Rd6 16. Ke2 a6 17. Bxc6 Rxc6 18. Rad1 Ke7 19. Rd5 Rd8 20.
Rhd1 Rxd5 21. Rxd5 b5 22. Kd3 Rc8 23. b3 Ke6 24. c4 bxc4+ 25. bxc4 Rc6 26. c5
Ke7 27. Kc4 h6 28. Rd3 Rc8 29. a4 Rd8 30. Rxd8 Kxd8 31. Kd5 Kc7 32. a5 h5 33.
h4 Kd7 34. c6+ Kc7 35. Kc5 f5 36. exf5 e4 37. f6 e3 38. fxe3 Kc8 39. Kd6 Kd8
40. c7+ Kc8 41. e4 Kb7 42. Kd7 Ka7 43. Kc6 Ka8 44. c8=Q+ Ka7 45. Qb7# 1-0

[Event "4NCL Online Division 5"]
[Site "online"]
[Date "2020.04.21"]
[Round "3.243"]
[White "Cooper, John L"]
[Black "Peakman, Jonlee"]
[Result "0-1"]
[WhiteElo "1247"]
[BlackElo "1217"]
[PlyCount "64"]
[EventDate "2020.04.21"]
[WhiteTeam "Broken Herts 3"]
[BlackTeam "East Kilbride"]

1. e4 c5 2. d4 cxd4 3. Qxd4 Nc6 4. Qd1 Nf6 5. Nc3 e6 6. Bb5 Bb4 7. Nge2 Nxe4 8.
Bxc6 bxc6 9. Qd4 Bxc3+ 10. Nxc3 Nxc3 11. Qxc3 O-O 12. O-O Bb7 13. Be3 Re8 14.
f3 a6 15. Bd4 f6 16. Qb3 Qc8 17. Qe3 d6 18. b3 c5 19. Bb2 e5 20. Qf2 Qc6 21.
Qg3 d5 22. Rae1 e4 23. fxe4 d4 24. Bc1 Rxe4 25. Rxe4 Qxe4 26. Bh6 Qg6 27. Qxg6
hxg6 28. Bd2 Re8 29. Rc1 Re2 30. g3 Rxd2 31. Re1 Rg2+ 32. Kh1 Re2+ 0-1

[Event "4NCL Online Division 5"]
[Site "online"]
[Date "2020.04.21"]
[Round "3.244"]
[White "Tandon, Ashley"]
[Black "Dometakis, Lakis"]
[Result "1-0"]
[WhiteElo "905"]
[BlackElo "1315"]
[PlyCount "45"]
[EventDate "2020.04.21"]
[WhiteTeam "East Kilbride"]
[BlackTeam "Broken Herts 3"]

1. d4 Nf6 2. c4 e6 3. Nf3 Bb4+ 4. Nbd2 d5 5. cxd5 exd5 6. e3 O-O 7. Be2 c5 8.
O-O cxd4 9. Nxd4 Nc6 10. f3 Nxd4 11. exd4 Bd6 12. Nb1 Qc7 13. h3 Qd7 14. Bd3
Re8 15. Bg5 Be7 16. Nc3 Nh5 17. f4 Bxg5 18. Qxh5 g6 19. Qxg5 Qc7 20. Nxd5 Qa5
21. Nf6+ Kg7 22. Nxe8+ Kf8 23. Qxa5 1-0

[Event "4NCL Online Division 5"]
[Site "online"]
[Date "2020.04.21"]
[Round "3.251"]
[White "Pillay, Shriya"]
[Black "Will, Douglas"]
[Result "1/2-1/2"]
[WhiteElo "1532"]
[BlackElo "1828"]
[PlyCount "106"]
[EventDate "2020.04.21"]
[WhiteTeam "Warwickshire Bears C"]
[BlackTeam "Grangemouth Giants"]

1. e4 e5 2. Nf3 Nc6 3. Bb5 f5 4. d3 fxe4 5. dxe4 Nf6 6. O-O Bc5 7. Qd3 d6 8.
Qc4 Qe7 9. Nc3 Bd7 10. h3 a6 11. Bxc6 bxc6 12. Be3 Bxe3 13. fxe3 Qe6 14. b3
Qxc4 15. bxc4 Be6 16. Nd2 O-O 17. Rab1 Rab8 18. g4 d5 19. cxd5 cxd5 20. exd5
Nxd5 21. Rxf8+ Rxf8 22. Nxd5 Bxd5 23. c4 Bc6 24. Nb3 Rf3 25. Na5 Be4 26. Rb8+
Kf7 27. Rc8 Rxe3 28. Rxc7+ Kf6 29. g5+ Kg6 30. Nc6 Rg3+ 31. Kf2 Rxg5 32. h4
Rf5+ 33. Ke3 Bxc6 34. Rxc6+ Rf6 35. Rxf6+ Kxf6 36. Ke4 Ke6 37. c5 g6 38. c6 Kd6
39. c7 Kxc7 40. Kxe5 h6 41. Kf6 g5 42. hxg5 hxg5 43. Kxg5 Kd6 44. Kf4 Kc5 45.
Ke3 Kb4 46. Kd2 Ka3 47. Kc3 a5 48. Kc4 a4 49. Kc3 Kxa2 50. Kc2 a3 51. Kc1 Kb3
52. Kb1 a2+ 53. Ka1 Ka3 1/2-1/2

[Event "4NCL Online Division 5"]
[Site "online"]
[Date "2020.04.21"]
[Round "3.252"]
[White "Sandham, Alasdair"]
[Black "Amir, Zain"]
[Result "0-1"]
[WhiteElo "1361"]
[BlackElo "1390"]
[PlyCount "66"]
[EventDate "2020.04.21"]
[WhiteTeam "Grangemouth Giants"]
[BlackTeam "Warwickshire Bears C"]

1. d4 d5 2. Bf4 Nc6 3. e3 Bf5 4. c4 Nb4 5. Qa4+ Nc6 6. Nc3 Bd7 7. cxd5 Ne5 8.
Qb3 Ng6 9. Bg3 e6 10. Qxb7 Nf6 11. Qxc7 Qxc7 12. Bxc7 exd5 13. Bb5 Bxb5 14.
Nxb5 Bb4+ 15. Nc3 Ne4 16. Nge2 Bxc3+ 17. Nxc3 Nxc3 18. bxc3 Rc8 19. Ba5 O-O 20.
Ke2 Rfe8 21. Kd3 f5 22. Rab1 Re7 23. Rb3 f4 24. Rhb1 fxe3 25. fxe3 Nh4 26. g3
Nf5 27. Re1 Rce8 28. Kd2 Rxe3 29. Rxe3 Nxe3 30. Kc1 Nc4 31. Bc7 Re1+ 32. Kc2
Re2+ 33. Kd3 Rd2# 0-1

[Event "4NCL Online Division 5"]
[Site "online"]
[Date "2020.04.21"]
[Round "3.253"]
[White "Johal, Amrissa Kaur"]
[Black "Fowler, David A"]
[Result "0-1"]
[WhiteElo "1382"]
[BlackElo "1161"]
[PlyCount "108"]
[EventDate "2020.04.21"]
[WhiteTeam "Warwickshire Bears C"]
[BlackTeam "Grangemouth Giants"]

1. d4 d6 2. e4 g6 3. Nc3 Nf6 4. Bg5 Bg7 5. h3 O-O 6. Nf3 c5 7. d5 h6 8. Be3 Qa5
9. e5 dxe5 10. Nxe5 Ne4 11. Nc4 Nxc3 12. Bd2 Nxd1 13. Bxa5 Nxb2 14. Nxb2 Bxb2
15. Rb1 Bd4 16. Bc4 b6 17. Bd2 Kg7 18. O-O Nd7 19. c3 Be5 20. Bd3 Nf6 21. Rfe1
Bd6 22. a3 Nxd5 23. Be4 Bf5 24. Bxd5 Bxb1 25. Bxa8 Rxa8 26. Rxb1 Rd8 27. Rd1
Bf4 28. Kf1 Rxd2 29. Ke1 Rxd1+ 30. Kxd1 f5 31. Ke2 Kf6 32. Kd3 Ke5 33. f3 Kd5
34. g4 fxg4 35. hxg4 e5 36. c4+ Ke6 37. a4 h5 38. gxh5 gxh5 39. Ke2 h4 40. Kf2
Bg3+ 41. Kg2 Kf5 42. Kh3 Kf4 43. Kg2 e4 44. fxe4 Kxe4 45. Kh3 Kd3 46. a5 bxa5
47. Kg2 a4 48. Kf1 Kd2 49. Kg2 a3 50. Kg1 a2 51. Kg2 Ke3 52. Kh3 a1=Q 53. Kg2
Kf4 54. Kh3 Qh1# 0-1

[Event "4NCL Online Division 5"]
[Site "online"]
[Date "2020.04.21"]
[Round "3.254"]
[White "Whitton, Nicholas"]
[Black "Sanchez, Margarita"]
[Result "1/2-1/2"]
[WhiteElo "1032"]
[BlackElo "1360"]
[PlyCount "76"]
[EventDate "2020.04.21"]
[WhiteTeam "Grangemouth Giants"]
[BlackTeam "Warwickshire Bears C"]

1. e4 e5 2. Nf3 Nc6 3. Bc4 Nf6 4. Nc3 Bc5 5. O-O O-O 6. d3 d6 7. Nd5 Nd4 8. Bg5
Bg4 9. Nxf6+ gxf6 10. Bh6 Nxf3+ 11. gxf3 Bh3 12. Bxf8 Bxf1 13. Qxf1 Qxf8 14.
Qg2+ Qg7 15. Qxg7+ Kxg7 16. Kh1 Bxf2 17. Kg2 Bb6 18. Kh1 Rg8 19. Rf1 Kh6 20. h4
Rg7 21. Kh2 Kh5 22. Kh3 a6 23. c3 c5 24. f4 exf4 25. Rxf4 Kg6 26. Rg4+ Kh6 27.
Rxg7 Kxg7 28. Bd5 a5 29. Bxb7 Kg6 30. Bc8 h5 31. Bf5+ Kh6 32. a4 Kg7 33. c4 Kf8
34. Kg3 Bc7 35. Kf3 Kg7 36. b3 Kh6 37. Ke3 Kg7 38. d4 Kh6 1/2-1/2

[Event "4NCL Online Division 5"]
[Site "online"]
[Date "2020.04.28"]
[Round "4.11"]
[White "Hilton, Tim"]
[Black "Bailey, Adrian"]
[Result "1-0"]
[WhiteElo "1885"]
[BlackElo "1772"]
[PlyCount "55"]
[EventDate "2020.04.28"]
[WhiteTeam "Bolton & Worsley"]
[BlackTeam "Wirral League Wanderers"]

1. d4 Nf6 2. Nf3 g6 3. g3 d5 4. Bg2 Bg7 5. O-O O-O 6. c4 c6 7. b3 Ne4 8. Bb2
Bf5 9. Nbd2 Qd7 10. cxd5 cxd5 11. Ne5 Qe6 12. Nxe4 dxe4 13. d5 Qd6 14. Nc4 Qc5
15. Bxg7 Kxg7 16. Rc1 Na6 17. Ne3 Qa5 18. g4 Bd7 19. Qd4+ Kg8 20. Qxe4 Qxa2 21.
Qxe7 Bb5 22. d6 Rfe8 23. Qg5 Qb2 24. Qxb5 Red8 25. Qxb7 Rab8 26. Qxa6 Rb6 27.
Qxa7 Rbxd6 28. Nc4 1-0

[Event "4NCL Online Division 5"]
[Site "online"]
[Date "2020.04.28"]
[Round "4.12"]
[White "Beckett, Phill"]
[Black "Doherty, Paul"]
[Result "1/2-1/2"]
[WhiteElo "1720"]
[BlackElo "1738"]
[PlyCount "92"]
[EventDate "2020.04.28"]
[WhiteTeam "Wirral League Wanderers"]
[BlackTeam "Bolton & Worsley"]

1. e4 d6 2. d4 Nf6 3. Nc3 c6 4. f4 Qa5 5. Bd3 e5 6. Nf3 exd4 7. Nxd4 Qb6 8. Be2
Be7 9. O-O O-O 10. Kh1 Nbd7 11. Nf5 Re8 12. Bf3 Qc7 13. Nxe7+ Rxe7 14. b3 Nc5
15. Re1 b5 16. e5 dxe5 17. Ba3 Rd7 18. Qe2 Ne6 19. Nxb5 Qb6 20. Qxe5 Ba6 21.
Nd6 Nd4 22. Bd1 Nb5 23. Bc5 Qd8 24. Nf5 Qc7 25. c4 Qxe5 26. fxe5 Re8 27. Bf3
Nd5 28. Bxd5 cxd5 29. cxb5 Bxb5 30. Rad1 Bc6 31. Rd2 g6 32. Nd4 Bb7 33. Rde2
Ba6 34. e6 fxe6 35. Rxe6 Rc8 36. b4 Bd3 37. Kg1 Be4 38. Nb5 Kf7 39. Rd6 Rb7 40.
Nd4 a5 41. a3 axb4 42. axb4 Ra8 43. Rf1+ Kg7 44. Ne6+ Kh6 45. Be3+ Kh5 46. Ng7+
Rxg7 1/2-1/2

[Event "4NCL Online Division 5"]
[Site "online"]
[Date "2020.04.28"]
[Round "4.13"]
[White "Lamb, Ian"]
[Black "Ray, Hiya"]
[Result "0-1"]
[WhiteElo "1568"]
[BlackElo "1586"]
[PlyCount "88"]
[EventDate "2020.04.28"]
[WhiteTeam "Bolton & Worsley"]
[BlackTeam "Wirral League Wanderers"]

1. Nf3 Nf6 2. g3 g6 3. Bg2 Bg7 4. d4 c5 5. O-O O-O 6. c4 d6 7. d5 b5 8. cxb5 a6
9. bxa6 Nxa6 10. Nc3 Nc7 11. e4 Ba6 12. Re1 Rb8 13. Qc2 Nb5 14. Nxb5 Bxb5 15.
Bf1 Bxf1 16. Kxf1 Ng4 17. h3 Ne5 18. Nxe5 Bxe5 19. Rb1 Qa5 20. a4 Rb4 21. Bd2
Qa6+ 22. Kg2 Rxa4 23. Bh6 Rb8 24. f4 Bd4 25. f5 Rab4 26. Bc1 Rb3 27. Re2 Be5
28. Re3 Qa2 29. Rxb3 Rxb3 30. Bf4 Bxf4 31. gxf4 gxf5 32. e5 dxe5 33. Qxf5 Rxb2+
34. Rxb2 Qxb2+ 35. Kg3 exf4+ 36. Kf3 Qc3+ 37. Kxf4 Qc1+ 38. Kg4 Qd1+ 39. Kg3
Qg1+ 40. Kh4 Qd4+ 41. Kg3 c4 42. Qc8+ Kg7 43. Qf5 f6 44. Qe6 Qe5+ 0-1

[Event "4NCL Online Division 5"]
[Site "online"]
[Date "2020.04.28"]
[Round "4.14"]
[White "Sainbayar, Anuurai"]
[Black "Busznyak, Arpad"]
[Result "1-0"]
[WhiteElo "1584"]
[BlackElo "1570"]
[PlyCount "67"]
[EventDate "2020.04.28"]
[WhiteTeam "Wirral League Wanderers"]
[BlackTeam "Bolton & Worsley"]

1. d4 d5 2. Bf4 Nf6 3. e3 c5 4. c3 c4 5. b3 b5 6. a4 Bd7 7. axb5 Bxb5 8. bxc4
dxc4 9. Bxc4 Qd7 10. Bxb5 Qxb5 11. Qa4 Qxa4 12. Rxa4 Nbd7 13. Nf3 e6 14. Nbd2
Nb6 15. Ra6 Nfd5 16. Ne4 Be7 17. O-O O-O 18. Rc1 Rfc8 19. Bd6 Bxd6 20. Nxd6
Rxc3 21. Rca1 Nb4 22. Rxb6 Rc1+ 23. Rxc1 axb6 24. Ne5 f6 25. Nec4 Kf8 26. Nxb6
Ra6 27. Nbc4 Rc6 28. h4 Ke7 29. Rb1 Nd5 30. Rb7+ Nc7 31. Nc8+ Kd8 32. N8b6 Ke7
33. d5 exd5 34. Rxc7+ 1-0

[Event "4NCL Online Division 5"]
[Site "online"]
[Date "2020.04.28"]
[Round "4.21"]
[White "Robinson, Brian"]
[Black "Cheal, Barry A"]
[Result "0-1"]
[WhiteElo "1750"]
[BlackElo "2193"]
[PlyCount "70"]
[EventDate "2020.04.28"]
[WhiteTeam "Bishop Trojans"]
[BlackTeam "Hertford"]

1. d4 Nf6 2. Nf3 d5 3. e3 Bf5 4. c4 c6 5. Nc3 e6 6. Nh4 Bg6 7. Nxg6 hxg6 8. Bd3
Bd6 9. h3 Nbd7 10. O-O Qe7 11. e4 dxe4 12. Nxe4 Nxe4 13. Bxe4 Nf6 14. Bg5 Qc7
15. Qf3 Nxe4 16. Qxe4 O-O 17. Rac1 Rfe8 18. Qf3 Qa5 19. c5 Be7 20. Bxe7 Rxe7
21. a3 Rd8 22. b4 Qc7 23. Rfd1 Rd5 24. Rd3 Red7 25. Rcd1 Qd8 26. Qe4 e5 27. a4
Kf8 28. b5 Rxd4 29. Rxd4 Rxd4 30. Rxd4 Qxd4 31. Qxd4 exd4 32. Kf1 Ke7 33. Ke2
Ke6 34. Kd3 Kd5 35. bxc6 bxc6 0-1

[Event "4NCL Online Division 5"]
[Site "online"]
[Date "2020.04.28"]
[Round "4.22"]
[White "Buswell, A Mark"]
[Black "Smith, Peter J"]
[Result "1-0"]
[WhiteElo "1810"]
[BlackElo "1667"]
[PlyCount "33"]
[EventDate "2020.04.28"]
[WhiteTeam "Hertford"]
[BlackTeam "Bishop Trojans"]

1. d4 h6 2. c4 a6 3. e4 d6 4. Nc3 c6 5. h3 g5 6. Nf3 Bg7 7. Be3 g4 8. hxg4 Bxg4
9. Be2 Bxf3 10. Bxf3 Qc7 11. Qd2 Nd7 12. O-O-O e5 13. Bg4 Ngf6 14. Bf5 Rd8 15.
Bxh6 Bxh6 16. Rxh6 O-O 17. Qg5# 1-0

[Event "4NCL Online Division 5"]
[Site "online"]
[Date "2020.04.28"]
[Round "4.23"]
[White "Bainbridge, Bryan J"]
[Black "Judkins, Brian D"]
[Result "0-1"]
[WhiteElo "1570"]
[BlackElo "1697"]
[PlyCount "54"]
[EventDate "2020.04.28"]
[WhiteTeam "Bishop Trojans"]
[BlackTeam "Hertford"]

1. e4 e5 2. Nc3 Nf6 3. g3 Bc5 4. Bg2 O-O 5. d3 Nc6 6. f4 d6 7. Nf3 a6 8. a3 Ng4
9. Qe2 Bf2+ 10. Kd1 Ba7 11. Ke1 f5 12. h3 Nf6 13. fxe5 dxe5 14. exf5 Bxf5 15.
Be3 Bxe3 16. Qxe3 Re8 17. Rd1 Nd4 18. Qf2 Bg6 19. Kf1 Qd6 20. Nxd4 exd4 21. Ne2
Nd5 22. Kg1 Ne3 23. Rc1 Rf8 24. Qe1 Rae8 25. Kh2 Bh5 26. Qd2 Nxg2 27. Kxg2
Rxe2+ 0-1

[Event "4NCL Online Division 5"]
[Site "online"]
[Date "2020.04.28"]
[Round "4.24"]
[White "Rudd, David R"]
[Black "Berry, Robert"]
[Result "1/2-1/2"]
[WhiteElo "1712"]
[BlackElo "1562"]
[PlyCount "152"]
[EventDate "2020.04.28"]
[WhiteTeam "Hertford"]
[BlackTeam "Bishop Trojans"]

1. b4 d5 2. Bb2 d4 3. Nf3 e5 4. Nxe5 Bxb4 5. Nf3 Nc6 6. c3 dxc3 7. Bxc3 Bxc3 8.
Nxc3 Nf6 9. e3 a6 10. Be2 O-O 11. O-O h6 12. d4 Nh7 13. Qc2 Ng5 14. Rab1 b6 15.
Nxg5 Qxg5 16. Bf3 Bb7 17. Qe2 Rfe8 18. Qd1 Rab8 19. Ne4 Qg6 20. Ng3 Ne7 21.
Bxb7 Rxb7 22. Qf3 Rbb8 23. Rfc1 a5 24. Rb3 Rbc8 25. Rbc3 c6 26. Ne2 Nd5 27. Nf4
Nxf4 28. Qxf4 c5 29. dxc5 bxc5 30. Qa4 Red8 31. g3 Qb6 32. Qc4 Rc7 33. Qe2 Rdc8
34. Rc4 Qa6 35. Qc2 Qb6 36. a4 Qa7 37. Rb1 Rc6 38. Rb5 g6 39. Qd2 Rb6 40. Qxa5
Qxa5 41. Rxa5 Rb4 42. Rxb4 cxb4 43. Rb5 Rc1+ 44. Kg2 Rb1 45. a5 b3 46. a6 Ra1
47. Rxb3 Rxa6 48. h3 Kg7 49. e4 Re6 50. f3 h5 51. h4 Re5 52. Rb6 Rc5 53. Kf2
Rc2+ 54. Ke3 Rc3+ 55. Kf4 f6 56. g4 hxg4 57. Kxg4 f5+ 58. exf5 gxf5+ 59. Kxf5
Rxf3+ 60. Kg4 Rf6 61. Rb7+ Rf7 62. Rb5 Kg8 63. Kg5 Rg7+ 64. Kf6 Rf7+ 65. Ke6
Rg7 66. h5 Kh7 67. Kf6 Kh6 68. Rf5 Ra7 69. Ke6 Ra6+ 70. Kf7 Ra7+ 71. Kg8 Ra8+
72. Kf7 Ra7+ 73. Ke6 Ra6+ 74. Ke5 Ra5+ 75. Kf4 Rxf5+ 76. Kxf5 Kxh5 1/2-1/2

[Event "4NCL Online Division 5"]
[Site "online"]
[Date "2020.04.28"]
[Round "4.31"]
[White "Lawson, David"]
[Black "Fruchtenicht, Eggert"]
[Result "0-1"]
[WhiteElo "1765"]
[BlackElo "1832"]
[PlyCount "66"]
[EventDate "2020.04.28"]
[WhiteTeam "CSC 5"]
[BlackTeam "Maryport Assassins B"]

1. d4 e6 2. e4 d5 3. Nd2 dxe4 4. Nxe4 Be7 5. Nf3 a6 6. c4 h6 7. Bd3 Nf6 8. O-O
Nbd7 9. Nc3 O-O 10. h3 c5 11. Be3 b6 12. d5 exd5 13. cxd5 Bd6 14. a4 Bb7 15.
Bc4 Qc7 16. Rc1 Ne5 17. Nxe5 Bxe5 18. Re1 Bd6 19. Qc2 Rfe8 20. Rcd1 Re7 21. Ba2
Rae8 22. Bb1 Kf8 23. Qd2 Ng8 24. Bf5 Bc8 25. Qc2 Bxf5 26. Qxf5 Qd7 27. Qxd7
Rxd7 28. f3 Nf6 29. Bf2 Rde7 30. Rxe7 Rxe7 31. Re1 Rxe1+ 32. Bxe1 Be5 33. Kf2
Bxc3 0-1

[Event "4NCL Online Division 5"]
[Site "online"]
[Date "2020.04.28"]
[Round "4.32"]
[White "Millar, Greg F"]
[Black "Usher, Michael E"]
[Result "0-1"]
[WhiteElo "1727"]
[BlackElo "1677"]
[PlyCount "46"]
[EventDate "2020.04.28"]
[WhiteTeam "Maryport Assassins B"]
[BlackTeam "CSC 5"]

1. e4 e6 2. d4 d5 3. Nc3 Nf6 4. e5 Nfd7 5. f4 c5 6. Nf3 Be7 7. Be3 O-O 8. Qd2
b6 9. O-O-O Nc6 10. g4 c4 11. f5 b5 12. g5 b4 13. Nxd5 exd5 14. f6 c3 15. Qg2
Qa5 16. Kb1 b3 17. cxb3 c2+ 18. Qxc2 Nb4 19. Qc3 Nxf6 20. gxf6 Bf5+ 21. Bd3
Bxd3+ 22. Rxd3 Qxa2+ 23. Kc1 Rfc8 0-1

[Event "4NCL Online Division 5"]
[Site "online"]
[Date "2020.04.28"]
[Round "4.33"]
[White "Wenninger, Maxim"]
[Black "Stone, Ian C"]
[Result "0-1"]
[WhiteElo "1540"]
[BlackElo "1675"]
[PlyCount "60"]
[EventDate "2020.04.28"]
[WhiteTeam "CSC 5"]
[BlackTeam "Maryport Assassins B"]

1. e4 c6 2. d4 d5 3. Nc3 dxe4 4. Nxe4 Bf5 5. Ng3 Bg6 6. h4 h6 7. h5 Bh7 8. Nf3
Nd7 9. Bd3 Bxd3 10. Qxd3 Ngf6 11. Bf4 e6 12. O-O-O Qa5 13. Kb1 Rd8 14. c4 Be7
15. Qe2 O-O 16. Ne5 Nxe5 17. Bxe5 c5 18. Ne4 cxd4 19. Bxd4 Qf5 20. f3 Nxe4 21.
fxe4 Qa5 22. g4 Bg5 23. Rhf1 Rd7 24. Bc3 Rxd1+ 25. Rxd1 Qc7 26. b3 Rd8 27. Rf1
b5 28. Qb2 Qg3 29. Bxg7 Qd3+ 30. Qc2 Qxf1+ 0-1

[Event "4NCL Online Division 5"]
[Site "online"]
[Date "2020.04.28"]
[Round "4.34"]
[White "Clough, Fred"]
[Black "Khoury, Theo"]
[Result "0-1"]
[WhiteElo "1660"]
[BlackElo "1465"]
[PlyCount "54"]
[EventDate "2020.04.28"]
[WhiteTeam "Maryport Assassins B"]
[BlackTeam "CSC 5"]

1. e4 c5 2. Nf3 d6 3. b4 cxb4 4. d4 Nf6 5. Bd3 Nc6 6. O-O Bg4 7. Nbd2 Nxd4 8.
Bb2 Nxf3+ 9. Nxf3 e5 10. h3 Be6 11. Qd2 a5 12. Rad1 Be7 13. g4 O-O 14. Kh2 Qd7
15. Rg1 Rfd8 16. Qe2 Qc7 17. Ne1 Qc5 18. g5 Nd7 19. h4 d5 20. exd5 Bxd5 21.
Bxh7+ Kxh7 22. Qd3+ Kg8 23. Qxd5 Qxf2+ 24. Ng2 Qxc2 25. Rd2 Qc6 26. Qb3 a4 27.
Qg3 Qe6 0-1

[Event "4NCL Online Division 5"]
[Site "online"]
[Date "2020.04.28"]
[Round "4.41"]
[White "Porter, Andrew"]
[Black "Bensoussane, Riyad"]
[Result "0-1"]
[WhiteElo "1675"]
[BlackElo "1720"]
[PlyCount "102"]
[EventDate "2020.04.28"]
[WhiteTeam "Bristol University B"]
[BlackTeam "Temple Sutton"]

1. d4 d5 2. c4 c6 3. Nc3 Nf6 4. Nf3 e6 5. Bf4 Bd6 6. Bxd6 Qxd6 7. e3 Nbd7 8.
cxd5 exd5 9. Bd3 O-O 10. O-O Re8 11. Qc2 Nf8 12. a3 Ng6 13. b4 Bg4 14. Bxg6
hxg6 15. Ne5 Bf5 16. Qe2 Rxe5 17. dxe5 Qxe5 18. Rac1 Ng4 19. g3 Bd7 20. Na4 Qh5
21. f3 Ne5 22. Nc5 Bh3 23. Rf2 b6 24. Nd3 Nc4 25. Nf4 Qh6 26. e4 Re8 27. Qd3
Ne5 28. Qc2 dxe4 29. Qxe4 Bf5 30. Qe1 Nxf3+ 31. Rxf3 Rxe1+ 32. Rxe1 g5 33. Ne2
Be4 34. Re3 Bd5 35. Nc3 Be6 36. Ne2 Qf6 37. Nc3 Qd4 38. Ne4 g4 39. Ng5 Bd5 40.
R1e2 f6 41. Kf1 fxg5 42. Re8+ Kh7 43. Re1 Bc4+ 44. Kg2 Qd2+ 45. Kg1 Bd5 46.
R8e2 Qd4+ 47. Rf2 Bf3 48. h3 gxh3 49. Kh2 g4 50. Ref1 Qc3 51. Rxf3 gxf3 0-1

[Event "4NCL Online Division 5"]
[Site "online"]
[Date "2020.04.28"]
[Round "4.42"]
[White "Modhura, Urbi"]
[Black "Jina, Asha"]
[Result "1/2-1/2"]
[WhiteElo "1682"]
[BlackElo "1600"]
[PlyCount "128"]
[EventDate "2020.04.28"]
[WhiteTeam "Temple Sutton"]
[BlackTeam "Bristol University B"]

1. e4 e6 2. d4 d5 3. Nc3 Bb4 4. exd5 exd5 5. Bd3 Be6 6. Nge2 Nc6 7. Be3 Qd7 8.
a3 Ba5 9. b4 Bb6 10. Na4 Nf6 11. h3 O-O 12. O-O Ne7 13. Nxb6 axb6 14. Nf4 Bf5
15. c4 Bxd3 16. Qxd3 dxc4 17. Qxc4 Nf5 18. Qd3 Rad8 19. Rad1 Rfe8 20. Rfe1 Nd5
21. Nxd5 Qxd5 22. Qc3 Nh4 23. f3 Re6 24. Bf2 Rh6 25. Bxh4 Rxh4 26. Qe3 h6 27.
f4 Rd6 28. Qe8+ Kh7 29. Re5 Qb3 30. Rf1 Rg6 31. Re3 Qd5 32. Qe4 Qd7 33. Kh2 c6
34. Rg3 Qe6 35. Qxe6 Rxe6 36. f5 Rd6 37. Re3 Rhxd4 38. Re7 Rd7 39. Re3 Rd3 40.
Rfe1 Rxe3 41. Rxe3 g5 42. fxg6+ Kxg6 43. Kg3 c5 44. bxc5 bxc5 45. Rc3 Rc7 46.
Kf4 b6 47. a4 Rd7 48. Ke5 Rd4 49. Rg3+ Kh5 50. Rb3 Rxa4 51. Rxb6 Ra2 52. g4+
Kg5 53. Rc6 Rc2 54. Kd5 c4 55. Rc7 Kg6 56. h4 f5 57. Rc6+ Kg7 58. gxf5 c3 59.
h5 Rc1 60. Ke5 c2 61. Rc7+ Kg8 62. Kf6 Kh8 63. Kf7 Kh7 64. Kf6+ Kh8 1/2-1/2

[Event "4NCL Online Division 5"]
[Site "online"]
[Date "2020.04.28"]
[Round "4.43"]
[White "Kelly, Aaron"]
[Black "Audhora, Purba"]
[Result "0-1"]
[WhiteElo "1600"]
[BlackElo "1577"]
[PlyCount "74"]
[EventDate "2020.04.28"]
[WhiteTeam "Bristol University B"]
[BlackTeam "Temple Sutton"]

1. e4 e5 2. Nf3 Nc6 3. Bc4 Nf6 4. d3 Bc5 5. c3 d6 6. Bg5 Bg4 7. Nbd2 h6 8. Be3
Bb6 9. O-O O-O 10. Re1 Ne7 11. h3 Be6 12. Bb3 Ng6 13. Nf1 Nh5 14. Bxe6 fxe6 15.
Nxe5 Nxe5 16. d4 Qh4 17. dxe5 Bxe3 18. fxe3 Rf2 19. Re2 Raf8 20. Qd2 R2f7 21.
exd6 cxd6 22. Rd1 Ng3 23. Nxg3 Qxg3 24. Qxd6 Qg6 25. Qd4 Qh5 26. Rdd2 Qg6 27.
Rf2 a6 28. Rxf7 Qxf7 29. e5 Qf1+ 30. Kh2 Qe1 31. Rd1 Qf2 32. e4 Qxb2 33. Rd2
Qc1 34. Qd6 Rf1 35. Qxe6+ Kh7 36. Rd6 Qf4+ 37. g3 Qf2# 0-1

[Event "4NCL Online Division 5"]
[Site "online"]
[Date "2020.04.28"]
[Round "4.44"]
[White "Patey, Joe"]
[Black "Skalski, Sebastian"]
[Result "0-1"]
[WhiteElo "1225"]
[BlackElo "1450"]
[PlyCount "50"]
[EventDate "2020.04.28"]
[WhiteTeam "Temple Sutton"]
[BlackTeam "Bristol University B"]

1. d4 Nf6 2. Bf4 d5 3. c4 Bf5 4. Nc3 e6 5. c5 b6 6. Nb5 Na6 7. e3 c6 8. Nd6+
Bxd6 9. Bxd6 Nc7 10. Qa4 Qd7 11. Nf3 b5 12. Qa5 Rc8 13. Ne5 Qd8 14. Nxc6 Qd7
15. Ne5 Qd8 16. Qxa7 Ne4 17. Bxc7 Rxc7 18. Qa5 O-O 19. Qxb5 Qe7 20. Bd3 Rb7 21.
Qc6 Rxb2 22. Bxe4 Bxe4 23. O-O Qg5 24. g3 Qh5 25. f3 Qxh2# 0-1

[Event "4NCL Online Division 5"]
[Site "online"]
[Date "2020.04.28"]
[Round "4.51"]
[White "Valentine, Tim"]
[Black "Krawczuk, Michael J"]
[Result "0-1"]
[WhiteElo "1712"]
[BlackElo "1828"]
[PlyCount "82"]
[EventDate "2020.04.28"]
[WhiteTeam "Battersea Pawnbreakers"]
[BlackTeam "Wessex Some Stars C"]

1. e4 c5 2. Nf3 d6 3. d4 cxd4 4. Nxd4 Nf6 5. Nc3 a6 6. Be3 e6 7. f3 Be7 8. Qd2
Nc6 9. O-O-O O-O 10. g4 Nxd4 11. Bxd4 b5 12. Kb1 b4 13. Ne2 a5 14. Ng3 Nd7 15.
h4 Qc7 16. Qf2 Bb7 17. Nh5 g6 18. Ng3 Ba6 19. Bxa6 Rxa6 20. h5 Rc6 21. hxg6
fxg6 22. Qh2 Rf7 23. f4 e5 24. f5 g5 25. Be3 Nf8 26. Rd5 a4 27. Qd2 b3 28. axb3
axb3 29. cxb3 Qb7 30. Rd3 Ra6 31. Rc3 Qa8 32. Rc7 Ra1+ 33. Kc2 Rxh1 34. Nxh1
Qxe4+ 35. Qd3 Qxh1 36. Qc4 d5 37. Qc6 Qh2+ 38. Kc3 d4+ 39. Bxd4 exd4+ 40. Kxd4
Bf6+ 41. Kc4 Rxc7 0-1